MARC details
| 000 -CABECERA |
| campo de control de longitud fija |
00858nam a2200205 a 4500 |
| 001 - NÚMERO DE CONTROL |
| campo de control |
000041405 |
| 005 - FECHA Y HORA DE LA ÚLTIMA TRANSACCIÓN |
| campo de control |
20201002034847.0 |
| 008 - DATOS DE LONGITUD FIJA--INFORMACIÓN GENERAL |
| campo de control de longitud fija |
131002s2005 sp 000 0 spa d |
| 020 ## - NÚMERO INTERNACIONAL ESTÁNDAR DEL LIBRO |
| Número Internacional Estándar del Libro |
8400083512 |
| 040 ## - FUENTE DE LA CATALOGACIÓN |
| Centro catalogador/agencia de origen |
DO-SdBNP |
| Lengua de catalogación |
spa |
| Centro/agencia transcriptor |
BNPHU |
| 100 1# - ENTRADA PRINCIPAL--NOMBRE DE PERSONA |
| Nombre de persona |
Vidal Rodríguez, José Antonio |
| 9 (RLIN) |
68060 |
| 245 13 - MENCIÓN DE TÍTULO |
| Título |
La Emigración gallega a Cuba : trayectos migratorios, inserción y movilidad laboral, 1898-1968 / |
| -- |
José Antonio Vidal Rodríguez,. |
| 260 ## - PUBLICACIÓN, DISTRIBUCIÓN, ETC. |
| Lugar de publicación, distribución, etc. |
Madrid : |
| Nombre del editor, distribuidor, etc. |
Consejo Superior de Investigaciones Científicas, |
| Fecha de publicación, distribución, etc. |
2005. |
| 300 ## - DESCRIPCIÓN FÍSICA |
| Extensión |
422 p. ; |
| Dimensiones |
25 cm. |
| 490 1# - MENCIÓN DE SERIE |
| Mención de serie |
Biblioteca de historia de América |
| Designación de volumen o secuencia |
36 |
| 504 ## - NOTA DE BIBLIOGRAFÍA, ETC. |
| Nota de bibliografía, etc. |
Bibliografía : p. 399-422 |
| 504 ## - NOTA DE BIBLIOGRAFÍA, ETC. |
| Nota de bibliografía, etc. |
Incluye referencias bibliográficas y notas al pie de las páginas |
| 710 2# - PUNTO DE ACCESO ADICIONAL--NOMBRE DE ENTIDAD CORPORATIVA |
| Nombre de entidad corporativa o nombre de jurisdicción como elemento de entrada |
Consejo Superior de Investigaciones Científicas, |
| 9 (RLIN) |
4786 |
| 830 #0 - PUNTO DE ACCESO ADICIONAL DE SERIE-TÍTULO UNIFORME |
| Título uniforme |
Biblioteca de historia de América |
| Designación de volumen o secuencia |
36 |
| 9 (RLIN) |
66078 |